Statistics for Movie Quotes #4

Click here to take the quiz!

General Stats

  • This quiz has been taken 13 times
    (4 since last reset)
  • The average score is 8 of 20

Answer Stats

QuoteMovie% Correct
A martini. Shaken, not stirred.Goldfinger
100%
Elementary, my dear Watson.The Adventures of Sherlock Holmes
100%
Here's Johnny!The Shining
100%
Wakanda forever!Black Panther
75%
They call it a Royale with cheese.Pulp Fiction
75%
If you let my daughter go now, that'll be the end of it. I will not look for you, I will not pursue you. But if you don't, I will look for you, I will find you, and I will kill you.Taken
75%
Talk to me Goose.Top Gun
75%
Are you not entertained?Gladiator
50%
You can't handle the truth!A Few Good Men
25%
Life finds a way.Jurassic Park
25%
What's the most you ever lost on a coin toss?No Country for Old Men
25%
A wise man gets more from his enemies than a fool from his friends.Rush
25%
Do you understand the words that are coming out of my mouth!?Rush Hour
25%
If you’re nothing without the suit, then you shouldn’t have it.Spider-Man: Homecoming
25%
If you're good at something never do it for free.The Dark Knight
25%
Well, we'll just tell your mother that we ate it all.American Pie
0%
Ride or die.Fast and Furious
0%
Oh no, it wasn't the airplanes. It was Beauty killed the Beast.King Kong
0%
Exercise gives you endorphins. Endorphins make you happy. Happy people just don't shoot their husbands. They just don't!Legally Blonde
0%
And though we are worlds apart, like us, there's more to them than meets the eye.Transformers
0%

Score Distribution

Percentile by Number Answered

Percent of People with Each Score

Your Score History

You have not taken this quiz since the last reset